000
00278nam a2200109Ia 4500
008
200302s9999 xx 000 0 und d
100
_a
Steven Peck
245
_a
Award Winning Green Roof Designs
260
_b
A Schiffer Book Publishing Ltd.,
260
_c
2008
300
_a
176 P.,
999
_c
2982
_d
2982